000 00612nam a2200181Ia 4500
003 GCL
008 140319s9999 xx 000 0 ara d
040 _aGCL /
_cGCL
082 0 4 _a239
_bم د
100 1 _aمحمد رواس قلعة جى
245 1 0 _aدراسات تحليلية لشخصية الرسول محمد من خلال سيرته الشريفة /
_cمحمد رواس قلعة جى
300 _a292 ص
490 _aالهيئة العامة للاستعلامات
_v0
650 0 4 _aالاسلام
650 0 4 _aالسيرة النبوية
650 0 4 _aاخلاق الرسول
942 _2ddc
_cBK
999 _c49110
_d49110